Textes et documents d'histoire. II, Moyen âge /

محفوظ في:

المؤلف الرئيسي: Calmette, Joseph, 1873-1952 (مؤلف)

مؤلفون آخرون: Higounet, Charles

التنسيق: كتاب

اللغة: English

منشور في: Paris : Presses universitaires de France, 1953.

الطبعة: Neuvième édition refondue et augmentée avec le concours de Charles Higounet.

سلاسل: Clio ; XI.

الموضوعات:

الوسوم: إضافة وسم

لا توجد وسوم, كن أول من يضع وسما على هذه التسجيلة!

رقم الطلب: DC60 .C16 1953

LEADER 00884nam a2200265K 4500
001 8256
003 OSt
005 20251210124541.0
008 130303s1953 fr 000 0 eng d
035 |a ocm32731350 
040 |c ARCE Library 
050 4 |a DC60 .C16 1953 
100 1 |a Calmette, Joseph,  |d 1873-1952,  |e author  |9 27650 
245 1 0 |a Textes et documents d'histoire.  |n II,  |p Moyen âge /  |c Joseph Calmette, Charles Higounet. 
250 |a Neuvième édition refondue et augmentée avec le concours de Charles Higounet. 
264 1 |a Paris :  |b Presses universitaires de France,  |c 1953. 
300 |a x, 376 pages ;   |c 19 cm. 
490 1 |a Clio, introduction aux études historiques ;   |v 11. 
650 0 |a History  |x Sources. 
650 0 |a History, Modern  |x Sources. 
700 1 |a Higounet, Charles,  |9 32036 
830 0 |a Clio ;  |v XI. 
901 |a reviewed 
942 |c BK  |2 lcc 
999 |c 7045  |d 7045